000 00477nam a2200181Ia 4500
001 26921
008 140414s9999 xx 000 0 und d
020 _a0-07-138379-4
040 _cPK-LaUMT
082 _a 158.1
_bBRO-T
100 _aErin Brockovich
245 _aTake it from me
_blife's a struggle but you can win
_cErin Brockovich<>Marc Eliot
260 _aNew York,USA:
_bMcGraw-Hill,
_c2002
300 _a194 p.
546 _aEN
700 _aMarc Eliot
942 _cBK
999 _c27075
_d27075